Por qué a los niños no les gusta ir a la escuela?: las respuestas de un neurocientífico al funcionamiento de la mente y sus consecuencias en el aula

Guardado en:
Detalles Bibliográficos
Autor principal: Willingham, Daniel T (Autor)
Formato: Libro
Lenguaje:español
Publicado: Barcelona Graó 2011
Edición:1a. ed
Colección:Micro-Macro Referencias, 34
Materias:
Etiquetas: Agregar Etiqueta
Sin Etiquetas, Sea el primero en etiquetar este registro!

MARC

LEADER 00000cam a2200000 a 4500
001 UCD1381
003 CL-VaPUC
008 160303e20110000sp |||||||||||||||||spa|d
020 |a 9788499803685 
082 0 4 |a 370.152  |b WIL  |2 21 
100 0 |a Willingham, Daniel T  |e author  |9 584482 
245 1 0 |a Por qué a los niños no les gusta ir a la escuela?: las respuestas de un neurocientífico al funcionamiento de la mente y sus consecuencias en el aula 
250 |a 1a. ed 
300 |a 275 p 
942 |c BK 
945 |d 20160303 03:41:00  |a dcastane 
260 |a Barcelona  |b Graó  |c 2011 
650 0 |a Aprendizaje   |9 254827 
650 0 |a Aspectos psicológicos  |9 258128 
650 0 |a Motivación en educación  |9 307828 
650 0 |a Psicología educacional   |9 307830 
583 |a last modification  |c 20160303 03:41:00  |k Rodrigo Vera 
490 0 |a Micro-Macro Referencias, 34 
999 |c 362722  |d 362720 
952 |0 0  |1 0  |3 erb  |4 0  |6 370_152000000000000_WIL_2011  |7 0  |8 A  |9 474177  |a BIBEDU  |b BIBEDU  |i 5265185  |o 370.152 WIL 2011  |p 5265185  |r 2019-11-24  |w 2019-11-24  |y BK  |z Catalogado en:20160303  |k EDI 
952 |0 0  |1 0  |3 erb  |4 0  |6 370_152000000000000_WIL_2011  |7 0  |8 A  |9 474178  |a BIBEDU  |b BIBEDU  |i 5265177  |l 1  |m 1  |o 370.152 WIL 2011  |p 5265177  |r 2022-03-22  |s 2022-03-09  |w 2019-11-24  |y BK  |z Catalogado en:20160303  |k EDI